000 00799cam a2200241 i 4500
001 113561
005 20230410130544.0
008 131016s2013 sp a 000 0 spa
020 _a9788490299586
041 0 _aspa
050 1 4 _aPN 1992.3
_bO48t 2013
100 1 _aOliva, Mercé
245 1 0 _aTelerrealidad, disciplina e identidad :
_blos makeover shows en España /
_cMercé Oliva.
260 _aBarcelona :
_bEditorial UOC,
_c2013.
300 _a374 p. ;
_c24 cm.
440 0 _aComunicación ;
_v263.
650 0 _aReality television programs
_xSocial aspects
_zSpain.
650 0 _aMakeover television programs
_xSocial aspects
_zSpain.
650 4 _aProgramas de televisión reales.
650 4 _aProgramas de televisión
_xAspectos sociales
_zEspaña.
942 _2lcc
_cbk
946 _almd
999 _c76042
_d76042